[Event "POL-chT3 Podkarpackie"]
[Site "Czudec"]
[Date "2016.05.29"]
[Round "4.9"]
[White "Krynicki, Henryk"]
[Black "Handzel, Michal"]
[Result "1-0"]
[WhiteElo "1758"]
[BlackElo "1746"]
[PlyCount "92"]
[EventDate "2016.05.27"]
[EventType "team-tourn"]
[EventRounds "9"]
[EventCountry "POL"]
[SourceTitle "EXT 2018"]
[Source "ChessBase"]
[SourceDate "2017.10.13"]
[SourceVersion "1"]
[SourceVersionDate "2017.10.13"]
[SourceQuality "1"]
[WhiteTeam "Ustrzyki Dolne"]
[BlackTeam "Pilzno GKSz Hetman II"]
[WhiteTeamCountry "POL"]
[BlackTeamCountry "POL"]

1. e4 c5 2. Nf3 Nf6 3. Nc3 Nc6 4. d4 d5 5. exd5 Nxd5 6. Nxd5 Qxd5 7. Be3 cxd4 8. Nxd4 Nxd4 9. Qxd4 Qxd4 10. Bxd4 Bd7 11. 0-0-0 f6 12. Bc4 e5 13. Rhe1 Rc8 14. Bb3 Bc5 15. f4 Bxd4 16. Rxd4 Ke7 17. fxe5 f5 18. e6 Bc6 19. g4 fxg4 20. Rxg4 g6 21. Rf1 Rhf8 22. Rgf4 Rxf4 23. Rxf4 Be8 24. Kd2 Rc5 25. Ke3 Rh5 26. h4 g5 27. hxg5 Rxg5 28. Kd4 h5 29. Bd5 b6 30. c4 Rg1 31. b4 Rd1+ 32. Kc3 Rc1+ 33. Kd2 Rg1 34. c5 Rg4 35. Rxg4 hxg4 36. Ke3 bxc5 37. bxc5 g3 38. Kf3 Bg6 39. Kxg3 Bf5 40. Kf4 Bxe6 41. Ke5 Bxd5 42. Kxd5 Kd7 43. c6+ Kc7 44. Kc5 a5 45. a4 Kc8 46. Kb6 Kb8 1-0